000 00396 a2200157 4500
003 Nust
005 20170207171854.0
040 _cNust
082 _a005.1
100 _aSohail, Shafaq (MSCS-19)
245 _aRestricted Boltzmann Machine with Limited Resolution Synapse
_cShafaq Sohail,
260 _aRawalpindi
_bMCS,NUST
_cMay 2016
300 _a47 p
650 _aPG Thesis MSCS
651 _aMSCS-19
942 _cTHS
999 _c219339
_d219339